| 000 | 00539nam a2200181Ia 4500 | ||
|---|---|---|---|
| 005 | 20250508163739.0 | ||
| 008 | 008 250505s9999 xx 000 0 eng d | ||
| 037 | _aTextual | ||
| 040 |
_aFEDL _beng _cFEDL |
||
| 041 |
_aeng _2eng |
||
| 084 |
_a371.7, TAR _qFEDL |
||
| 100 |
_aChand Tara Ed. _9776173 |
||
| 245 | 0 | _aAdvanced methods of physical and health education | |
| 260 |
_aNew Delhi, India _bKanishaka Publishers, Distributors _c1997 |
||
| 300 | _a267p. | ||
| 942 |
_cTEXL _h371.7, TAR |
||
| 999 |
_c1385040 _d1385040 |
||